[Event "RUS-ch Seniors"]
[Site "Zvenigorod"]
[Date "2005.11.30"]
[Round "3"]
[White "Zemliakov, Valentin"]
[Black "Kornilov, Anatoly Aleksandrov"]
[Result "0-1"]
[WhiteElo "2153"]
[BlackElo "2418"]
[PlyCount "84"]
[EventDate "2005.11.28"]
[EventType "swiss"]
[EventRounds "7"]
[EventCountry "RUS"]
[SourceTitle "EXT 2007"]
[Source "ChessBase"]
[SourceDate "2006.11.23"]
[SourceVersion "1"]
[SourceVersionDate "2006.11.23"]
[SourceQuality "1"]

1. e4 e5 2. Bc4 Nf6 3. d4 exd4 4. Nf3 Nc6 5. 0-0 Nxe4 6. Nxd4 d5 7. Nxc6 bxc6 8. Bd3 Nc5 9. Re1+ Be7 10. Qe2 Nxd3 11. cxd3 Be6 12. f4 g6 13. d4 0-0 14. g4 Bh4 15. Rf1 Re8 16. Qf3 Bf6 17. Qd1 Qc8 18. h3 Rb8 19. Na3 h5 20. f5 gxf5 21. g5 Bg7 22. Nc2 Bd7 23. Qxh5 Re4 24. g6 fxg6 25. Qxg6 Qe8 26. Qg5 Qe7 27. Qg3 Re2 28. Rf2 Re8 29. Bf4 Kf7 30. Qf3 Qe4 31. Qh5+ Kf8 32. Rxe2 Qxe2 33. Qxe2 Rxe2 34. Rc1 Be8 35. Kf1 Re4 36. Bxc7 Bxd4 37. Nxd4 Rxd4 38. Rc3 Re4 39. Ra3 d4 40. Rxa7 d3 41. Ba5 f4 42. Bb4+ Rxb4 0-1

[Event "RUS-ch Seniors"]
[Site "Tula"]
[Date "2004.05.16"]
[Round "7"]
[White "Zemliakov, Valentin"]
[Black "Krylov, Vsevolod"]
[Result "0-1"]
[WhiteElo "2175"]
[BlackElo "2256"]
[PlyCount "72"]
[EventDate "2004.05.??"]
[EventType "swiss"]
[EventRounds "9"]
[EventCountry "RUS"]
[SourceTitle "EXT 2005"]
[Source "ChessBase"]
[SourceDate "2004.11.15"]
[SourceVersion "1"]
[SourceVersionDate "2004.11.15"]
[SourceQuality "1"]

1. e4 e5 2. Bc4 Nf6 3. d4 exd4 4. Nf3 Bb4+ 5. c3 dxc3 6. bxc3 Be7 7. e5 Ng4 8. Qd5 0-0 9. h3 c6 10. Qe4 d5 11. exd6 Bxd6 12. Ng5 Nf6 13. Qh4 h6 14. Bd3 Re8+ 15. Kd1 Bf4 16. Qxf4 Qxd3+ 17. Qd2 Qxd2+ 18. Bxd2 hxg5 19. Bxg5 Ne4 20. Be3 Bf5 21. g4 Bg6 22. h4 Nd7 23. Rg1 Ne5 24. Ke2 Nxg4 25. Rxg4 Bh5 26. f3 Bxg4 27. fxg4 Nf6 28. Kf3 Nxg4 29. Bd4 Ne5+ 30. Kg3 c5 31. Bxc5 Nd3 32. Bd4 Re1 33. c4 Rd8 34. Bc3 Rc1 35. Bd2 Rd1 36. Bc3 Ne1 0-1